000
00316nam a2200133Ia 4500
005
20251222144645.0
008
251222s9999||||xx |||||||||||||| ||spa||
020
_a
84-8403-416-X
082
_a
813/I76
100
_a
Irving, Washington
245
0
_a
Leyendas de la Alhambra
264
_b
Edimat Libros
942
_c
LIB
999
_c
16840
_d
16840